000 00869nam a2200241Ia 4500
003 OSt
005 20221005111637.0
006 a|||||r|||| 00| 0
007 ta
008 221004b |||||||| |||| 00| 0 hin d
024 _a30588
037 _cTextual
040 _aCRL
_cCRL
_bhin
041 _2hin
_ahin
082 _aV2:51.N5, 152M8
100 _aपाठक, सुशील माधव
245 0 _aभारतीय स्वतन्त्रता आन्दोलन का इतिहास
246 _aBhāratīya svatantratā āndolan kā itihāsa
260 _aपटना
_bबिहार हिन्दी ग्रंथ अकादमी भारत
_c1988
300 _a109पृ.
_ccm.
942 _hV2:51.N5, 152M8
_cTEXL
_2cc
999 _c1022436
_d1022436